|
|
|
|
| LEADER |
00000cas a2200000 a 4500 |
| 001 |
vtls009511744 |
| 003 |
SK-MaSNL |
| 005 |
20260228155950.0 |
| 008 |
090512c20149999xo mr|p 0 b0slo |
| 022 |
|
|
|a 1336-6165
|
| 040 |
|
|
|a SNK
|b slo
|c SNK
|e AACR2
|
| 041 |
0 |
|
|a slo
|
| 044 |
|
|
|a xo
|c SK
|
| 072 |
|
7 |
|a 79
|x Rekreácia. Voľný čas. Zábavy. Hry. Šport
|2 konspekt
|
| 080 |
|
|
|a 793.7
|2 2011
|
| 080 |
|
|
|a 79
|2 2011
|
| 080 |
|
|
|a 050
|2 2001
|
| 080 |
|
|
|a 379.8(051)
|2 2011
|
| 245 |
0 |
0 |
|a 150 krížoviek & rébusov
|b výherné krížovky
|
| 246 |
1 |
|
|i Názov v tiráži:
|a Výherné krížovky Bratislavčanka a Priateľka
|
| 246 |
1 |
3 |
|a Viac ako 150 krížoviek & rébusov
|
| 246 |
1 |
3 |
|a Stopäťdesiat krížoviek & rébusov
|
| 246 |
1 |
3 |
|a Viac ako stopäťdesiat krížoviek & rébusov
|
| 260 |
|
|
|a Bratislava
|b Redima
|c 2014-
|
| 300 |
|
|
|a zv.
|c 27 cm
|
| 310 |
|
|
|a 1x mesačne
|
| 362 |
0 |
|
|a Roč. VI, č. 12 (2014)-
|
| 500 |
|
|
|a Číslo ISSN 1336-6165 uvedené na dokumente patrí predchádzajúcemu titulu Výherné krížovky
|
| 500 |
|
|
|a Šéfred.: 2014- , Natália Výbošťoková
|
| 500 |
|
|
|a Evidenčné č.: EV 3036/09
|
| 515 |
|
|
|a č. 1/2022 vydané v dec./2021
|
| 650 |
0 |
7 |
|a krížovky
|2 SNKPH
|9 3313
|
| 650 |
0 |
7 |
|a zábava
|2 SNKPH
|9 3354
|
| 655 |
|
7 |
|a časopisy pre voľný čas
|2 SNKPH
|9 70337
|
| 700 |
1 |
|
|a Výbošťoková, Natália
|4 pbd
|9 265539
|
| 780 |
0 |
0 |
|t Výherné krížovky
|x 1336-6165
|
| 910 |
|
|
|a snk
|
| 999 |
|
|
|c 1003
|d 2933
|
| 952 |
|
|
|t č. 1-10
|a SNK
|b SNK
|y PREZ
|7 0
|p 17A1434942
|o snkČSB 6791/14/2020
|i snk2021/8610
|8 0
|0 0
|1 0
|4 0
|d 2021-07-12
|l 0
|r 2026-02-21 19:47:19
|w 2026-02-21
|
| 952 |
|
|
|t č. 1-10
|a SNK
|b SNK
|y PREZ
|7 0
|p 17A1523808
|o snkČSB 6791/16/2022
|i snk2024/11481
|8 0
|z Číslo 1 má v tiráži uvedený roč. 15 - december 2021
|0 0
|1 0
|4 0
|d 2024-07-18
|l 0
|r 2026-02-21 20:00:09
|w 2026-02-21
|
| 952 |
|
|
|t č. 1-11
|a SNK
|b SNK
|y PREZ
|7 0
|p 17A1464683
|o snkČSB 6791/15/2021
|i snk2022/17170
|8 0
|0 0
|1 0
|4 0
|d 2022-11-16
|l 0
|r 2026-02-21 20:09:42
|w 2026-02-21
|
| 952 |
|
|
|t č. 1-11, neúplné
|a SNK
|b SNK
|y PREZ
|7 0
|p 17A1366435
|o snkČSB 6791/12/2018
|i snk2019/10830
|8 0
|z Chýba č. 3
|0 0
|1 0
|4 0
|d 2019-04-15
|l 0
|r 2026-02-21 21:59:18
|w 2026-02-21
|
| 952 |
|
|
|t č. 1-10
|a SNK
|b SNK
|y PREZ
|7 0
|p 17A1430493
|o snkČSB 6791/13/2019
|i snk2020/10089
|8 0
|0 0
|1 0
|4 0
|d 2020-06-10
|l 0
|r 2026-02-21 22:00:41
|w 2026-02-21
|
| 952 |
|
|
|t č. 12-13
|a SNK
|b SNK
|y PREZ
|7 0
|p 17A1328965
|o snkČSB 6791/6/2014
|i snk2018/18981
|8 0
|0 0
|1 0
|4 0
|d 2018-09-19
|l 0
|r 2026-02-21 22:26:36
|w 2026-02-21
|
| 952 |
|
|
|t č. 1-11
|a SNK
|b SNK
|y PREZ
|7 0
|p 17A1328964
|o snkČSB 6791/7/2015
|i snk2018/18982
|8 0
|0 0
|1 0
|4 0
|d 2018-09-19
|l 0
|r 2026-02-21 22:26:36
|w 2026-02-21
|
| 952 |
|
|
|t č. 1-10, neúplné
|a SNK
|b SNK
|y PREZ
|7 0
|p 17A1328963
|o snkČSB 6791/9/2016
|i snk2018/18983
|8 0
|z Chýba č. 9
|0 0
|1 0
|4 0
|d 2018-09-19
|l 0
|r 2026-02-21 22:26:36
|w 2026-02-21
|
| 952 |
|
|
|t č. 1-11, neúplné
|a SNK
|b SNK
|y PREZ
|7 0
|p 17A1328962
|o snkČSB 6791/11/2017
|i snk2018/18984
|8 0
|z Chýba č. 3
|0 0
|1 0
|4 0
|d 2018-09-19
|l 0
|r 2026-02-21 22:26:36
|w 2026-02-21
|
| 952 |
|
|
|t 1
|a SNK
|b SNK
|y NEVYP
|7 3
|p 17A1560060
|o snkČSB 6791/17/2023
|i snk2026/5656
|h č. 1-10, neúplné
|8 0
|z Chýba č. 7; Č. 1, 2 majú uvedený ročník 16
|0 0
|1 0
|2 udc
|4 0
|d 2018-09-19
|l 0
|r 2026-04-20 09:51:00
|w 2026-02-21
|
| 952 |
|
|
|t 1
|a SNK
|b SNK
|y NEVYP
|7 3
|p 17A1560061
|o snkČSB 6791/18/2024
|i snk2026/5661
|h č. 1-11
|8 0
|0 0
|1 0
|2 udc
|4 0
|d 2018-09-19
|l 0
|r 2026-04-20 09:58:32
|w 2026-02-21
|
| 952 |
|
|
|t 1
|a SNK
|b SNK
|y NEVYP
|7 3
|p 17A1560062
|o snkČSB 6791/19/2025
|i snk2026/5662
|h č. 1-11
|8 0
|z Č. 1 má uvedený ročník 18
|0 0
|1 0
|2 udc
|4 0
|d 2018-09-19
|l 0
|r 2026-04-20 10:02:40
|w 2026-02-21
|